Lễ hội dẫn hoa làng Đông Hội /

Wedi'i Gadw mewn:
Manylion Llyfryddiaeth
Prif Awdur: Thành Nhân.
Fformat: Erthygl
Iaith:Vietnamese
Pynciau:
Tagiau: Ychwanegu Tag
Dim Tagiau, Byddwch y cyntaf i dagio'r cofnod hwn!
Thư viện lưu trữ: Thư viện Trường Đại học Đà Lạt
LEADER 00774nam a2200277 4500
001 DLU090080683
005 ##20090619
040 # # |a DLU  |b vie 
041 # # |a vie 
044 # # |a vn 
100 # # |a Thành Nhân. 
245 # # |a Lễ hội dẫn hoa làng Đông Hội /  |c Thành Nhân. 
653 # # |a Đời sống văn hoá 
653 # # |a Lễ hội cổ truyền 
653 # # |a Phong tục 
653 # # |a Vùng văn hoá 
773 # # |t Văn hoá Nghệ thuật  |g Số 10(196), 2000, tr. 49-52 
920 # # |a Phòng Tạp chí -- Trung tâm Thông tin - Thư viện Trường Đại học Đà Lạt 
994 # # |a DLU 
900 # # |a True 
911 # # |a Đào Thị Thu Huyền 
925 # # |a G 
926 # # |a A 
927 # # |a BB 
980 # # |a Thư viện Trường Đại học Đà Lạt